000 01032nam a2200289 i 4500
001 000029544
003 DO-SdBNP
005 20240104125544.0
006 a||||gr|||| 00| 0
007 ta
008 110418e1979 dr a a 000 0 jpspa d
040 _aDO-SdBNP
_bspa
_cBNPHU
_erda
082 4 _bJ25a
_222
100 1 _aJakowska, Sophie
_936551
_eautora
245 1 0 _aAmigos del cocodrilo /
_cSophie Jakowska ; prólogo, Merilio G. Morell
246 1 3 _aCrocodrylus acutus.
264 1 _aSanto Domingo :
_bDirección Nacional de Parque,
_c1979.
300 _a140 páginas :
_bIlustraciones ;
_c28 cm.
336 _2rdacontent
_atexto
_btxt
337 _2rdamedia
_asin mediación
_bn
338 _2rdacarrier
_avolumen
_bnc
500 _aEdición dedicada por la Dirección Nacional de Parques a los niños dominicanos de las comunidades fronterizas sureña en el año internacional del niño.
590 _aInventariado, 2024 / MF
700 _aMorell, Merilio G.,
_eprólogo
_921773
910 _aEn proceso
942 _2ddc
_cLBS1
999 _c29036
_d29036